Making sweet potato chips and flour (Record no. 1460)
[ view plain ]
| 000 -LEADER | |
|---|---|
| fixed length control field | 00541nam a22001937a 4500 |
| 005 - DATE AND TIME OF LATEST TRANSACTION | |
| control field | 20241127133905.0 |
| 008 - FIXED-LENGTH DATA ELEMENTS--GENERAL INFORMATION | |
| fixed length control field | 241127b |||||||| |||| 00| 0 eng d |
| 022 ## - INTERNATIONAL STANDARD SERIAL NUMBER | |
| International Standard Serial Number | 18738192 |
| 040 ## - CATALOGING SOURCE | |
| Original cataloging agency | KMU |
| Transcribing agency | KMU |
| Modifying agency | KMU |
| 110 ## - MAIN ENTRY--CORPORATE NAME | |
| Corporate name or jurisdiction name as entry element | Technical Centre for Agricultural and Rural Cooperation (CTA) |
| 245 ## - TITLE STATEMENT | |
| Title | Making sweet potato chips and flour |
| 260 ## - PUBLICATION, DISTRIBUTION, ETC. | |
| Place of publication, distribution, etc. | Netherlands: |
| Name of publisher, distributor, etc. | CTA, |
| Date of publication, distribution, etc. | 2007 |
| 300 ## - PHYSICAL DESCRIPTION | |
| Extent | I,6 P.: |
| Other physical details | ill.; |
| Dimensions | 7cm |
| 490 ## - SERIES STATEMENT | |
| Series statement | CTA practical guide series, N0.6 |
| 650 ## - SUBJECT ADDED ENTRY--TOPICAL TERM | |
| Topical term or geographic name entry element | Chips |
| 650 ## - SUBJECT ADDED ENTRY--TOPICAL TERM | |
| Topical term or geographic name entry element | sweet potato |
| 650 ## - SUBJECT ADDED ENTRY--TOPICAL TERM | |
| Source of heading or term | Flour |
| 942 ## - ADDED ENTRY ELEMENTS (KOHA) | |
| Koha item type | Serials |
| Suppress in OPAC | No |
| Withdrawn status | Lost status | Damaged status | Not for loan | Collection | Home library | Current library | Shelving location | Date acquired | Total Checkouts | Full call number | Barcode | Date last seen | Price effective from | Koha item type |
|---|---|---|---|---|---|---|---|---|---|---|---|---|---|---|
| Not For Loan | Non-fiction | Kapasa Makasa University | Kapasa Makasa University | Special Collection | 27.11.2024 | CTA(08)PGS/6H | B3941 | 27.11.2024 | 27.11.2024 | Serials | ||||
| Not For Loan | Non-fiction | Kapasa Makasa University | Kapasa Makasa University | Special Collection | 27.11.2024 | CTA(08)PGS/6G | B3940 | 27.11.2024 | 27.11.2024 | Serials | ||||
| Not For Loan | Non-fiction | Kapasa Makasa University | Kapasa Makasa University | Special Collection | 27.11.2024 | CTA(08)PGS/6F | B3939 | 27.11.2024 | 27.11.2024 | Serials | ||||
| Not For Loan | Non-fiction | Kapasa Makasa University | Kapasa Makasa University | Special Collection | 27.11.2024 | CTA(08)PGS/6E | B3938 | 27.11.2024 | 27.11.2024 | Serials |